Jews without money /

Đã lưu trong:
Chi tiết về thư mục
Tác giả chính: Gold, Michael
Định dạng: Không biết
Ngôn ngữ:English
Được phát hành: New York : Carol y Graf, 1993.
Phiên bản:4. edición
Những chủ đề:
Các nhãn: Thêm thẻ
Không có thẻ, Là người đầu tiên thẻ bản ghi này!

MARC

LEADER 000000000a22000000004500
001 004548
020 |a 0881840262 
041 0 |a eng 
082 0 4 |a 813.52   |b G618j 
100 1 |a Gold, Michael 
245 1 0 |a Jews without money /   |c Michael Gold. 
250 |a 4. edición 
260 1 |a New York :   |b Carol y Graf,   |c 1993. 
300 |a 309 páginas, 5 [hojas] de láminas :   |b ilustraciones 
500 |a Colección George Yúdice 
650 4 |a LITERATURA ESTADINENSE 
650 4 |a NOVELA 
999 |c 10698  |d 10698 
942 |c BK  |h 813.52 G618j  |2 z